Quizzes
Events
Quiz Creation
Community
Videos
Private Events
Remove Ads
Sign In
Join for FREE
Feedback
Dark Mode
Quiz Categories
Sports
Geography
Music
Movies
Television
Just For Fun
Miscellaneous
History
Literature
Language
Science
Gaming
Entertainment
Religion
Holiday
For Kids
Quiz Lab
Recent
Popular Today
Quiz Kudos Today
Editor Picks
Curator Picks
Quizzes by...
Day
Popularity
Type
Ratings
Length
Year
Community
Subscriptions
Recent Discussions
Orange Saloon
Badges
Playlists
Quests
Create
Leaderboards
Showdown
Live 5
Trivia Bingo
Activity
Puzzle Library
Sporcle Events
Private Events
Virtual Trivia
Globe League
Become a Host
Pub Owners
SporcleCon
Opinionation
Our Games
Videos
Blog
Mobile Apps
Partnerships
Remove Ads and Go Orange
Feedback
Television
TV Characters
TV Show
Sitcom
Network
Friends
Reality Shows
Cast
South Park
Star Trek
The Simpsons
Doctor Who
Television
TV Characters
TV Show
Sitcom
Network
Friends
Reality Shows
Cast
South Park
Star Trek
The Simpsons
Doctor Who
Random Quiz
Search Sporcle
×
Quiz Lab
Quiz Lab
Television
Character
Type in answers that appear in a list
Type in answers that appear in a list
Classic
Best Score? Go Orange.
Who's that Digimon? Stats
Can you name the Digmon characters based on their descriptions?
By
scifireader
8m
15 Questions
2,839 Plays
2,839 Plays
2,839 Plays
Comments
Comments
Give Quiz Kudos
Give Quiz Kudos
-
- Ratings
hide this ad
Replay
Link that replays current quiz
Next Quiz
Link to next quiz in quiz playlist
You Got
0%
They Got
Avg Score
67%
Avg Friend Score
Upgrade to see
Score Distribution
Jump to the score distribution portion of the page
Score
0/15
Timer
08:00
0
Plays Today
Description
Digimon
% Correct
A small, blue digimon with a humanoid shape. Possesses the ability to Armor Digivolve.
Veemon
93.2%
A feline digimon who started out sour, but changed sides to save Kari. Possesses the ability to Armor Digivolve.
Gatomon
86.6%
A large cactus digimon with boxing gloves.
Togemon
84.4%
An orange monkey digimon who likes to mimic Elvis Presley.
Etemon
78.9%
The first digimon we ever see, he is not much more than a pink ball with eyes and a mouth.
Koromon
76.6%
A clown/
jester digimon with a number of dangerous tricks up his sleeve.
Piedmon
75.3%
An Ultimate digimon that resembles a multi-
winged angel. In my opinion, the coolest one of all.
MagnaAngemon
72.9%
A giant, dark red beetle digimon with a large horn.
MegaKabuterimon
71.2%
Description
Digimon
% Correct
A giant tree digimon that managed to sow dischord among the DigiDestined.
Cherrymon
69.1%
A ghost digimon that loses its power when people chant a certain chant.
Bakemon
57.9%
A digimon that almost destroyed the Digital World searching for a worthy adversary.
BlackWarGreymon
54%
An Armor digimon that calls himself 'The Samurai of Sincerity.'
Shurimon
53.6%
In one form, he resembles a man in a blue outfit with a cane. Is his other form, he resembles a popular Halloween figure with a gun.
Mummymon
51.7%
A digmon formed by the Digimon Emperor, using parts of different digimon. Its destruction caused the downfall of the Emperor.
Kimeramon
46.6%
A huge, dragon-
like digimon that is able to travel at incredible speeds.
Imperialdramon
40.6%
Quiz Playlist
Details
Report
Send in Message
Add To Playlist
Classic:
Type in answers that appear in a list
Last Updated: Feb 16, 2017
Quiz Scoreboard
CHALLENGE
Sign Up to Join the Scoreboard
Show All
Scores
Hide
Comments
May contain spoilers
Recently Published
Street Fighter Characters
by Artimus82
Gaming
60s
9x9 Crossword: Cartoon Network
by jackfrog10
Miscellaneous
3m
College Basketball Coaching Resumes
by pancakes188
Sports
9m
More to Explore
Quiz From the Vault
Featured Blog Post
Where Did the Easter Bunny Come From?
hide this ad
You Might Also Like...
Tags
Character
description
digimon
Today's Top Quizzes in Television
Browse Television
hide this ad
Today's Top Quizzes in Character
Browse Character
Top Contributed Quizzes in Television
1
5-to-1: The Simpsons Families
2
5-to-1: Television Doctors
3
Adjectives in 80s TV Shows
4
Adjectives in 00s TV Shows
5
7-to-1: TV Show Settings
6
Adjectives in 10s TV Shows
7
Survivor Journey Challenge
8
5-to-1: Streaming Originals
9
Survivor Seasons
10
One Piece Logic Puzzle
Explore More
Trending Topics
Disney
Anime
Marvel
NBA
Crossword
Harry Potter
Kpop
The Office
Song
NFL
Puzzle
Country
Soccer
WWE
Pokémon
hide this ad
More By:
scifireader
Quiz
Plays
Rating
Category
Featured
Created
Harry Potter Last Words
16,621
4.06
Literature
Jan 2, 2010
Disney Movies by Villain Quotes
11,159
3.00
Movies
Mar 4, 2010
KH Characters by Quote
5,457
4.60
Gaming
Nov 7, 2009
Who's that Digimon?
2,839
3.33
Television
Dec 6, 2009
Wonderful Life Differences
1,021
4.67
Holiday
Dec 20, 2009
Go to Creator's Profile
Score Distribution
Quiz Creator Spotlight
scifireader
Follow
Send a Message
Quizzes Created
-
Created Quiz Play Count
-
More By This Creator
Popular Quizzes Today
1
Find the US States - No Outlines Minefield
2
Find the Countries of Europe - No Outlines Minefield
3
The Countries of the World
4
Find the US States
5
Risky Map Clicking: Biggest States A-Z
6
US States
7
Popular People in 1961
8
Movies - When Are They Set?
More Television Quizzes
Arrested Development Food
Published
Trending Quizzes
Risky Map Clicking: Least Populous States A-Z
1-10 Letter G Words
Risky Map Clicking: Next State Alphabetically
Adjectives in 80s TV Shows
The Seven Year Switch: Catherine
Recently Updated
Leaping Animals
pecheneg
Reality TV Shows (A-Z)
bhenderson79
Rickey Henderson's Hall of Fame Teammates
pecheneg
Champions League XIs: Arsenal
pecheneg
Quick Pick: Celebrities in WWE's Hall of Fame
aduchscher
A-Z Keypad Blitz II
pecheneg
Multiple Oscar Actors
pecheneg
Mystery Phrase Blitz: Oscar 'Best Actors'
pecheneg
F. Scott Fitzgerald Novels
LTH
Pick 3 Villains
ddd62291
Trending Topics
Anime
Harry Potter
Marvel
Crossword
Kpop
NBA
Disney
The Office
Pokémon
Song
NFL
Country
Soccer
Puzzle
WWE
Your Account Isn't Verified!
In order to create a playlist on Sporcle, you need to verify the email address you used during registration. Go to your
Sporcle Settings
to finish the process.
Report this User
Report this user for behavior that violates our
Community Guidelines
.
Details:
Send Report
Go to the Sporcle.com Mobile Site →
Comments